000 00324nam a2200133Ia 4500
005 20260328104343.0
008 260328s9999||||xx |||||||||||||| ||und||
100 _aCordero, Elisa
245 0 _aSeminario de Color /
_cElisa Cordero
260 _bImprenta America
300 _a111 p.
650 _aARQUITECTURA
942 _cBK
999 _c12200
_d12200